<?xml version="1.0" encoding="UTF-8"?>
<record
    xmlns:xsi="http://www.w3.org/2001/XMLSchema-instance"
    xsi:schemaLocation="http://www.loc.gov/MARC21/slim http://www.loc.gov/standards/marcxml/schema/MARC21slim.xsd"
    xmlns="http://www.loc.gov/MARC21/slim">

  <leader>01177    a2200157   4500</leader>
  <controlfield tag="003">OSt</controlfield>
  <controlfield tag="005">20260213154845.0</controlfield>
  <controlfield tag="008">260206b        |||||||| |||| 00| 0 eng d</controlfield>
  <datafield tag="100" ind1=" " ind2=" ">
    <subfield code="a">&#x938;&#x939;&#x938;&#x94D;&#x924;&#x94D;&#x930;&#x92C;&#x941;&#x927;&#x94D;&#x926;&#x947; &#x905;.</subfield>
    <subfield code="9">204219</subfield>
  </datafield>
  <datafield tag="245" ind1=" " ind2=" ">
    <subfield code="a">&#x905;&#x939;&#x93F;&#x928;&#x915;&#x941;&#x932;</subfield>
  </datafield>
  <datafield tag="250" ind1=" " ind2=" ">
    <subfield code="a">2nd ED.</subfield>
  </datafield>
  <datafield tag="260" ind1=" " ind2=" ">
    <subfield code="b">&#x92D;&#x93E;&#x930;&#x924;&#x940;&#x92F;  &#x935;&#x93F;&#x91A;&#x93E;&#x930;  &#x938;&#x93E;&#x927;&#x928;&#x93E;  &#x92A;&#x94D;&#x930;&#x915;&#x93E;&#x936;&#x928; </subfield>
    <subfield code="c">2018</subfield>
    <subfield code="a">&#x92A;&#x941;&#x923;&#x947;</subfield>
  </datafield>
  <datafield tag="300" ind1=" " ind2=" ">
    <subfield code="a">246pp.</subfield>
  </datafield>
  <datafield tag="520" ind1=" " ind2=" ">
    <subfield code="a">&#x905;&#x939;&#x93F;&#x928;&#x915;&#x941;&#x932;' (Ahi-Nakul) &#x92E;&#x94D;&#x939;&#x923;&#x91C;&#x947; &#x938;&#x93E;&#x92A; (&#x905;&#x939;&#x93F;) &#x906;&#x923;&#x93F; &#x92E;&#x941;&#x902;&#x917;&#x942;&#x938; (&#x928;&#x915;&#x941;&#x932;) &#x92F;&#x93E;&#x902;&#x91A;&#x940; &#x91C;&#x94B;&#x921;&#x940;, &#x91C;&#x947; &#x928;&#x948;&#x938;&#x930;&#x94D;&#x917;&#x93F;&#x915; &#x936;&#x924;&#x94D;&#x930;&#x942; &#x92E;&#x93E;&#x928;&#x932;&#x947; &#x91C;&#x93E;&#x924;&#x93E;&#x924;. &#x939;&#x93E; &#x936;&#x92C;&#x94D;&#x926; &#x938;&#x939;&#x938;&#x93E; &#x91F;&#x94B;&#x915;&#x93E;&#x91A;&#x93E; &#x935;&#x93F;&#x930;&#x94B;&#x927;, &#x935;&#x948;&#x930; &#x915;&#x93F;&#x902;&#x935;&#x93E; &#x938;&#x902;&#x918;&#x930;&#x94D;&#x937; &#x926;&#x930;&#x94D;&#x936;&#x935;&#x923;&#x94D;&#x92F;&#x93E;&#x938;&#x93E;&#x920;&#x940; &#x935;&#x93E;&#x92A;&#x930;&#x932;&#x93E; &#x91C;&#x93E;&#x924;&#x94B;. &#x924;&#x938;&#x947;&#x91A;, '&#x905;&#x939;&#x93F;&#x928;&#x915;&#x941;&#x932;' &#x928;&#x93E;&#x935;&#x93E;&#x91A;&#x940; &#x90F;&#x915; &#x910;&#x924;&#x93F;&#x939;&#x93E;&#x938;&#x93F;&#x915; &#x915;&#x93E;&#x926;&#x902;&#x92C;&#x930;&#x940; &#x905;&#x928;&#x93F;&#x932; &#x938;&#x939;&#x938;&#x94D;&#x930;&#x92C;&#x941;&#x926;&#x94D;&#x927;&#x947; &#x92F;&#x93E;&#x902;&#x928;&#x940; &#x932;&#x93F;&#x939;&#x93F;&#x932;&#x947;&#x932;&#x940; &#x906;&#x939;&#x947;, &#x91C;&#x940; &#x967;&#x96F;&#x96E;&#x968; &#x92E;&#x927;&#x94D;&#x92F;&#x947; &#x92A;&#x94D;&#x930;&#x938;&#x93F;&#x926;&#x94D;&#x927; &#x91D;&#x93E;&#x932;&#x940; &#x939;&#x94B;&#x924;&#x940;</subfield>
  </datafield>
  <datafield tag="942" ind1=" " ind2=" ">
    <subfield code="c">BK</subfield>
    <subfield code="2">ddc</subfield>
  </datafield>
  <datafield tag="999" ind1=" " ind2=" ">
    <subfield code="c">370207</subfield>
    <subfield code="d">370207</subfield>
  </datafield>
  <datafield tag="952" ind1=" " ind2=" ">
    <subfield code="0">0</subfield>
    <subfield code="1">0</subfield>
    <subfield code="2">ddc</subfield>
    <subfield code="4">0</subfield>
    <subfield code="7">0</subfield>
    <subfield code="8">MCA</subfield>
    <subfield code="a">001</subfield>
    <subfield code="b">001</subfield>
    <subfield code="d">2026-02-03</subfield>
    <subfield code="e">188</subfield>
    <subfield code="g">182.00</subfield>
    <subfield code="l">0</subfield>
    <subfield code="p">KBJP-BK-3021</subfield>
    <subfield code="r">2026-02-03 00:00:00</subfield>
    <subfield code="v">260.00</subfield>
    <subfield code="w">2026-02-03</subfield>
    <subfield code="y">BK</subfield>
    <subfield code="z">3021</subfield>
  </datafield>
</record>
